| 000 | 00723nam a2200253Ia 4500 | ||
|---|---|---|---|
| 003 | OSt | ||
| 005 | 20220927111106.0 | ||
| 006 | a|||||r|||| 00| 0 | ||
| 007 | ta | ||
| 008 | 220926b |||||||| |||| 00| 0 eng d | ||
| 024 | _a104615 | ||
| 037 | _cReports | ||
| 040 |
_aRTL _cRTL _beng |
||
| 041 |
_2eng _aeng |
||
| 082 | _a"z.273.N85<--N80t5, M0" | ||
| 110 |
_a"Bihar, Planning (Deptt)" _9381300 |
||
| 245 | 0 | _a"Draft sixth five year plan, 1980-85." | |
| 260 |
_aPatna _bSecretariate Press India _c1980 |
||
| 300 |
_a767p. _ccm. |
||
| 650 | _aGeneralia | ||
| 700 |
_a"Bihar, Planning (Deptt)" _9381301 |
||
| 942 |
_h"z.273.N85<--N80t5, M0" _cCC |
||
| 999 |
_c698638 _d698638 |
||